[Event "Olympiad-44"]
[Site "Chennai"]
[Date "2022.08.02"]
[Round "5.2"]
[White "Hair, Justin M"]
[Black "Salvadora, Angelo"]
[Result "1/2-1/2"]
[WhiteElo "1505"]
[BlackElo "1711"]
[PlyCount "87"]
[EventDate "2022.07.29"]
[EventType "team-swiss"]
[EventRounds "11"]
[EventCountry "IND"]
[SourceTitle "CBM 210"]
[Source "ChessBase"]
[SourceDate "2022.10.31"]
[SourceVersion "1"]
[SourceVersionDate "2022.10.31"]
[SourceQuality "1"]
[WhiteTeam "US Virgin Islands"]
[BlackTeam "Palau"]
[WhiteTeamCountry "ISV"]
[BlackTeamCountry "PAL"]

1. e4 d5 2. exd5 Nf6 3. c4 Bg4 4. Nf3 e6 5. dxe6 Bxe6 6. Ng5 Bf5 7. Qf3 Qe7+ 8. Qe3 Qxe3+ 9. fxe3 Nc6 10. Be2 Be7 11. 0-0 Bg6 12. Nc3 a6 13. d4 0-0 14. Bf3 Bd3 15. Be2 Bg6 16. b3 Nb4 17. a3 Nc6 18. Nh3 Na5 19. Bd1 Bd3 20. Rf2 h5 21. Nf4 Bg6 22. Nxg6 fxg6 23. Bd2 b6 24. Nd5 Nxd5 25. Rxf8+ Rxf8 26. cxd5 c5 27. dxc6 Nxc6 28. Bf3 Nb8 29. Bb4 Bxb4 30. axb4 Rf6 31. Rc1 b5 32. Rc8+ Rf8 33. Rxf8+ Kxf8 34. d5 Ke7 35. e4 Kd6 36. Kf2 Nd7 37. Ke3 Ke5 38. g4 Nf6 39. h3 h4 40. g5 Nh7 41. d6 Nxg5 42. d7 Nf7 43. Bg4 g5 44. Bf5 1/2-1/2

[Event "Olympiad-44"]
[Site "Chennai"]
[Date "2022.07.30"]
[Round "2.3"]
[White "Zilleruelo Irizarry, Diego"]
[Black "Salvadora, Angelo"]
[Result "1-0"]
[WhiteElo "2081"]
[BlackElo "1711"]
[PlyCount "55"]
[EventDate "2022.07.29"]
[EventType "team-swiss"]
[EventRounds "11"]
[EventCountry "IND"]
[SourceTitle "CBM 210"]
[Source "ChessBase"]
[SourceDate "2022.10.31"]
[SourceVersion "1"]
[SourceVersionDate "2022.10.31"]
[SourceQuality "1"]
[WhiteTeam "Puerto Rico"]
[BlackTeam "Palau"]
[WhiteTeamCountry "PUR"]
[BlackTeamCountry "PAL"]

1. e4 d6 2. d4 Nf6 3. Nc3 Bg4 4. Be2 Bxe2 5. Qxe2 Nc6 6. Be3 Qd7 7. Nf3 a6 8. d5 Na7 9. a4 Qg4 10. h3 Qxg2 11. 0-0-0 Qg6 12. Rdg1 Qh5 13. Rg5 Qh6 14. Rf5 g5 15. Bxg5 Qg6 16. Bxf6 exf6 17. Kb1 h5 18. Rg1 Qh6 19. Nh4 0-0-0 20. Rf3 Kb8 21. Nf5 Qh7 22. b4 c6 23. b5 cxb5 24. axb5 axb5 25. Nxb5 Nxb5 26. Qxb5 Rg8 27. Rxg8 Qxg8 28. Rb3 1-0